Signori /

Nel centro di Londra, Ez Murphy trova lavoro come custode in un gabinetto pubblico. Il capo, Josiah Reynolds, e il collega Jason, come lui neri e giamaicani, gli spiegano che il problema principale del gabinetto sono gli incontri erotici clandestini. Ognuno dei tre tira in ballo le proprie assunzion...

Ful tanımlama

Kaydedildi:
Detaylı Bibliyografya
Yazar: Collins, Warwick (Yazar)
Diğer Yazarlar: Birattari, Massimo
Materyal Türü: Kitap
Dil:İtalyanca
Baskı/Yayın Bilgisi: Milano : Ponte alle grazie, [2001]
Etiketler: Etiketle
Etiket eklenmemiş, İlk siz ekleyin!

MARC

LEADER 00000nam a22000007i 4500
001 IT\ICCU\TO0\0946743
003 ItRI
005 20260224214951.0
008 010418s2001 it |||||| ||||| |||||c
020 |a 8879285254 
040 |b ita  |c ct 
041 7 |a ita  |2 ISO-639-2 
100 1 |a Collins, Warwick  |0 IT\ICCU\TO0V\395202  |4 aut 
240 1 0 |a Gents.  |9 Collins, Warwick 
245 1 0 |a Signori /  |c Warwick Collins ; traduzione di Massimo Birattari. 
260 |a Milano :  |b Ponte alle grazie,  |c [2001] 
300 |a 121 p. ;  |c 21 cm. 
520 |a Nel centro di Londra, Ez Murphy trova lavoro come custode in un gabinetto pubblico. Il capo, Josiah Reynolds, e il collega Jason, come lui neri e giamaicani, gli spiegano che il problema principale del gabinetto sono gli incontri erotici clandestini. Ognuno dei tre tira in ballo le proprie assunzioni morali: Ez, un devoto avventista, rimane turbato dalla notizia, Jason, un rasta, attribuisce il tutto all'innata corruzione dei bianchi, Reynolds, più pragmatico, si preoccupa di impedire gli incontri, temendo di perdere il lavoro. Ma proprio il loro zelo moralista provoca il tracollo dei proventi del gabinetto e ne rende necessaria la chiusura... 
700 1 |a Birattari, Massimo  |0 IT\ICCU\RAVV\069377 
942 |2 ddc  |c BK 
952 |0 0  |1 0  |2 ddc  |4 0  |6 B_LNR02COLWASIG11  |7 0  |9 7057  |a MI  |b MI  |d 2008-05-28  |i 5610  |l 0  |o B-LNR02-COLWA-SIG11  |p CDOM5610  |r 2025-07-13 16:28:00  |w 2025-07-13  |x DONO  |y BK 
952 |0 0  |1 0  |4 0  |6 DOC_823_000000000000000_COL  |7 0  |9 17087  |a BO  |b BO  |d 2026-01-15  |i 6042  |l 0  |o DOC 823 COL  |p BO6042  |r 2026-01-15 23:19:32  |w 2026-01-15  |x [Sebina 5] [1 v.]  |y BK  |z 1 v. 
999 |c 5769  |d 5769